000
00329nam a22001457a 4500
003
OSt
005
20220217144823.0
008
220217b |||||||| |||| 00| 0 eng d
020
_a
8176490970
040
_c
HU
082
_a
658.57
100
_a
Tec
_9
30770
245
_a
HandBook Pf Technology Management
942
_2
ddc
_c
BOOKS
_n
0
999
_c
30710
_d
30710